000 00902nam a2200241 a 4500
001 000002801
005 20200929150246.0
008 791001s1984 ag b 001 0 spa
020 _z950050338
040 _aDO-SdBNP
_bspa
_cBNPHU
082 _a333.79
_bC421r
100 1 _aCeselski, Elizabeth.
_98849
240 1 0 _aHousehold energy and the poor in the third world.
_lEspañol
245 1 4 _aLos recursos de la pobreza en el tercer mundo /
_cElizabeth Ceselski, Joy Dunkerley y William Ramsay; traductor, Martínez Alinari.
260 _aBuenos Aires :
_bCorregidor,
_c1984.
300 _a162 p. ;
_c20 cm.
650 4 _aPolítica energética
_zPaíses En Desarrollo
_98850
650 4 _aPobre
_zPaíses En Desarrollo
_98851
650 4 _aViviendas
_zPaíses En Desarrollo
_98852
700 1 _aMartínez Alinari,
_etr.
_98853
700 1 _aDunkerley, Joy
_98854
700 1 _aRamsay, William,
_d1930-
_98855
999 _c2635
_d2635